000 00777nam a2200265 4500
999 _c6225
_d6225
001 6225
003 BD-JhCC
005 20180117112648.0
008 680301s1968 mnu b 000 0 eng
035 _a(BD-JhCC)6225
040 _aDLC
_cDLC
_dDLC
_d(BD-JhCC)
041 _aeng
050 0 0 _aDD256.3
_b.D43 1968
082 0 0 _a364.13/1
_bDEU 1968
100 1 _aDeutsch, Harold Charles.
245 1 4 _aThe conspiracy against Hitler in the twilight war /
_cby Harold C. Deutsch.
260 _aMinneapolis :
_bUniversity of Minnesota Press,
_c1968.
300 _ax, 394 p.
_c24 cm.
504 _aBibliography: p. [363]-373.
600 1 0 _aHitler, Adolf,
_d1889-1945.
600 0 0 _aPius
_cPope,
_d1876-1958.
650 0 _aAnti-Nazi movement.
942 _2ddc
_cBK